Personnages de Jeux Vidéos par images - Statistiques

Statistiques générales
  • Ce quiz a été pris 242 fois
  • Le résultat moyen est 23 sur 48
Statistiques - réponses
Par images Réponse % Correct
Pikachu
99%
Link
96%
Mario
93%
PAC-MAN
93%
Sonic
90%
Lara Croft
89%
Rayman
80%
Steve
79%
Spyro
76%
Kratos
71%
Crash
69%
Trevor
68%
Samus Aran
64%
Jinx
62%
Mega Man
62%
Ratchet
59%
Snake
59%
Ryu
58%
Nathan Drake
55%
Ezio Auditore
54%
Ellie Williams
53%
Geralt de Riv
52%
Cloud Strife
50%
Bayonetta
48%
Tracer
48%
Scorpion
46%
Arthur Morgan
45%
Master Chief
43%
Isaac
41%
Red
40%
Octane
37%
Aloy
36%
Sackboy
30%
Jonesy
27%
Kazuya Mishima
26%
Sekiro
25%
Doom Slayer
22%
2B
21%
Alucard
19%
Jill Valentine
18%
Madeline
18%
Hornet
17%
Jack
14%
Commandant Shepard
11%
Amaterasu
9%
Crono
9%
James
7%
Yu Narukami
5%
Aucun quiz correspondant
Distribution des résultats
% des personnes avec chaque résultat
Percentile par nombre de réponses
Votre historique - résultats
Vous n’avez pas pris ce quiz